00718nam a2200193 a 450000100100000000500170001000800410002704000250006808200190009310000220011224501220013424600510025626000360030730000360034350400320037965000300041165000600044165000230050100001620920200929164324.0100301s2004 dr ad 001 0 spa d aDO-SdBNPbspacBNPHU a333.332bM534a1 aMena, Víctor L.10aAvalúos de inmuebles :bun ensayo teórico práctico de las operaciones de avalúo básico /cVíctor L. Mena.02aAvalúos de inmuebles : fundamentos básicos aSanto Domingo :bBúho,c2004. a138 p. :bil., tablas ;c22 cm. aBibliografía: p. 135-138. 4aTasaciónxLegislación 4aValoración de bienes raíceszRepública Dominicana 4aAvalúo catastral